[Event "ETCC Open 2023"]
[Site "Budva"]
[Date "2023.11.19"]
[Round "8.40"]
[White "Postny, Evgeny"]
[Black "Iordachescu, Viorel"]
[Result "1/2-1/2"]
[WhiteElo "2577"]
[BlackElo "2586"]
[Annotator "RC"]
[PlyCount "114"]
[EventDate "2023.11.10"]
[EventType "team-tourn"]
[EventCountry "MNE"]
[SourceTitle "playchess.com"]
[Source "ChessBase"]
[SourceQuality "1"]
[WhiteTeam "Israel"]
[BlackTeam "Moldova"]
[WhiteTeamCountry "ISR"]
[BlackTeamCountry "MDA"]

1. Nf3 Nf6 2. c4 c5 3. Nc3 Nc6 4. e3 e6 5. d4 d5 6. a3 cxd4 7. exd4 g6 8. c5 Bg7 9. b4 O-O 10. Bb2 Ne4 11. b5 Nxd4 12. Nxd4 Nxc5 13. Nb3 d4 14. Nb1 Na4 15. Ra2 e5 16. Bc4 Bf5 17. O-O Rc8 18. N3d2 Nb6 19. Bb3 Qd7 20. a4 Nd5 21. Ba3 Rfd8 22. Nf3 d3 23. Nh4 e4 24. Nxf5 Qxf5 25. g3 Kh8 26. Qd2 Nf6 27. Bb2 Kg8 28. Qf4 Qxf4 29. gxf4 Nd5 30. Bxd5 Rxd5 31. Bxg7 Kxg7 32. Nd2 f5 33. Rfa1 Kf6 34. h4 h6 35. Kg2 g5 36. hxg5+ hxg5 37. Kg3 Rdc5 38. Nf1 Rh8 39. fxg5+ Kxg5 40. f4+ Kf6 41. Ne3 Rcc8 42. Rg2 d2 43. Rd1 Rc3 44. Kf2 Rd3 45. Ke2 Rh3 46. Nc4 Rd4 47. Ne3 Rd3 48. Nf1 Rhf3 49. Rxd2 Rxf4 50. Rc2 Rff3 51. Rg8 Ra3 52. Rb8 Rxa4 53. Rxb7 Raa3 54. Rd7 Kg5 55. Rh7 Rfb3 56. Rb7 Kf4 57. Rd2 Ra5 1/2-1/2

[Event "ETCC Open 2023"]
[Site "Budva"]
[Date "2023.11.19"]
[Round "8.41"]
[White "Ragger, Markus"]
[Black "Anton Guijarro, David"]
[Result "1/2-1/2"]
[WhiteElo "2615"]
[BlackElo "2668"]
[Annotator "TA"]
[PlyCount "36"]
[EventDate "2023.11.10"]
[EventType "team-tourn"]
[EventCountry "MNE"]
[SourceTitle "playchess.com"]
[Source "ChessBase"]
[SourceQuality "1"]
[WhiteTeam "Austria"]
[BlackTeam "Spain"]
[WhiteTeamCountry "AUT"]
[BlackTeamCountry "ESP"]

1. d4 Nf6 2. c4 e6 3. Nf3 d5 4. g3 Bb4+ 5. Bd2 Be7 6. Bg2 O-O 7. O-O Nbd7 8. Qc2 c6 9. Bf4 a5 10. h4 h6 11. Nbd2 Nh5 12. e3 a4 13. Rfd1 Qa5 14. Rac1 Rd8 15. Be5 Nhf6 16. Bf4 Nh5 17. Be5 Nhf6 18. Bf4 Nh5 1/2-1/2

[Event "ETCC Open 2023"]
[Site "Budva"]
[Date "2023.11.19"]
[Round "8.42"]
[White "Santos Latasa, Jaime"]
[Black "Horvath, Dominik"]
[Result "1/2-1/2"]
[WhiteElo "2635"]
[BlackElo "2549"]
[Annotator "TA"]
[PlyCount "61"]
[EventDate "2023.11.10"]
[EventType "team-tourn"]
[EventCountry "MNE"]
[SourceTitle "playchess.com"]
[Source "ChessBase"]
[SourceQuality "1"]
[WhiteTeam "Spain"]
[BlackTeam "Austria"]
[WhiteTeamCountry "ESP"]
[BlackTeamCountry "AUT"]

1. e4 e5 2. Nf3 Nc6 3. Bc4 Nf6 4. d3 d5 5. exd5 Nxd5 6. O-O Nb6 7. Bb5 Bd6 8. Bxc6+ bxc6 9. Nxe5 Bxe5 10. Re1 Qe7 11. Kh1 O-O 12. f4 f6 13. fxe5 fxe5 14. Nc3 Nd5 15. Ne4 Bf5 16. Bg5 Qb4 17. b3 Qd4 18. Bd2 Rae8 19. a4 Re6 20. a5 Bxe4 21. Rxe4 Nc3 22. Bxc3 Qxc3 23. Rc4 Qb2 24. Qc1 Qxc1+ 25. Rxc1 Rf2 26. Kg1 Re2 27. Rf1 e4 28. Rd4 exd3 29. Rxd3 Rd6 30. Rxd6 cxd6 31. Rd1 1/2-1/2

[Event "ETCC Open 2023"]
[Site "Budva"]
[Date "2023.11.19"]
[Round "8.43"]
[White "Blohberger, Felix"]
[Black "Shirov, Alexei"]
[Result "1/2-1/2"]
[WhiteElo "2513"]
[BlackElo "2668"]
[Annotator "TA"]
[PlyCount "146"]
[EventDate "2023.11.10"]
[EventType "team-tourn"]
[EventCountry "MNE"]
[SourceTitle "playchess.com"]
[Source "ChessBase"]
[SourceQuality "1"]
[WhiteTeam "Austria"]
[BlackTeam "Spain"]
[WhiteTeamCountry "AUT"]
[BlackTeamCountry "ESP"]

1. d4 d5 2. c4 c6 3. Nf3 Nf6 4. e3 Bf5 5. cxd5 cxd5 6. Qb3 Qc7 7. Bb5+ Nc6 8. Bd2 e6 9. O-O Bd6 10. Bb4 O-O 11. Bxd6 Qxd6 12. Rc1 Rfc8 13. Nbd2 Ne7 14. Bf1 Rc7 15. Rxc7 Qxc7 16. Qa3 Ne4 17. Nb3 Nd6 18. Rc1 Qd8 19. Nc5 a5 20. Ne5 f6 21. g4 fxe5 22. gxf5 Nexf5 23. dxe5 Nc4 24. Nxe6 Qe8 25. Bxc4 dxc4 26. Nf4 Qc6 27. Qc3 b5 28. a4 Rc8 29. axb5 Qxb5 30. b3 Nh4 31. bxc4 Qxe5 32. Qxe5 Nf3+ 33. Kg2 Nxe5 34. c5 Kf7 35. Rc3 Rc6 36. h4 a4 37. Ra3 Ra6 38. Nd5 Ra5 39. Nb6 Rxc5 40. Rxa4 Ke6 41. f4 Ng6 42. Kg3 Rc3 43. Re4+ Kf5 44. Re8 Nxf4 45. Rf8+ Ke5 46. Nd7+ Ke6 47. Kxf4 Rc4+ 48. e4 Kxd7 49. Rf7+ Ke6 50. Rxg7 Rc1 51. Rxh7 Rf1+ 52. Ke3 Re1+ 53. Kf3 Rf1+ 54. Ke2 Rh1 55. Rh5 Rh3 56. Kf2 Rh1 57. Rh8 Ke5 58. Kg2 Ra1 59. Re8+ Kf4 60. h5 Ra2+ 61. Kh3 Ra1 62. Rf8+ Kxe4 63. Kg4 Rg1+ 64. Kh4 Ke5 65. h6 Ke6 66. Kh5 Ke7 67. Rf5 Rh1+ 68. Kg6 Rg1+ 69. Kh7 Rg2 70. Rf1 Rg3 71. Kh8 Rg6 72. h7 Rg2 73. Rg1 Rxg1 1/2-1/2

[Event "ETCC Open 2023"]
[Site "Budva"]
[Date "2023.11.19"]
[Round "8.44"]
[White "Yuffa, Daniil"]
[Black "Baidetskyi, Valentin"]
[Result "1-0"]
[WhiteElo "2600"]
[BlackElo "2478"]
[Annotator "TA"]
[PlyCount "63"]
[EventDate "2023.11.10"]
[EventType "team-tourn"]
[EventCountry "MNE"]
[SourceTitle "playchess.com"]
[Source "ChessBase"]
[SourceQuality "1"]
[WhiteTeam "Spain"]
[BlackTeam "Austria"]
[WhiteTeamCountry "ESP"]
[BlackTeamCountry "AUT"]

1. Nf3 Nf6 2. c4 g6 3. Nc3 Bg7 4. e4 d6 5. d4 O-O 6. Be2 e5 7. O-O Na6 8. Be3 Qe7 9. d5 Ng4 10. Bg5 f6 11. Bh4 g5 12. Bg3 f5 13. exf5 Bxf5 14. Re1 h6 15. Bd3 Qf7 16. Ne4 Qg6 17. a3 Nc5 18. Nxc5 dxc5 19. Bxf5 Qxf5 20. Qb1 Qxb1 21. Raxb1 Rae8 22. h3 e4 23. hxg4 exf3 24. Bxc7 Rxe1+ 25. Rxe1 Bxb2 26. Bd6 Rf7 27. Be7 Bc3 28. Re4 Rf4 29. Rxf4 gxf4 30. Bxc5 a6 31. a4 Kf7 32. gxf3 1-0

[Event "ETCC Open 2023"]
[Site "Budva"]
[Date "2023.11.19"]
[Round "8.45"]
[White "Paichadze, Luka"]
[Black "Fedoseev, Vladimir"]
[Result "0-1"]
[WhiteElo "2501"]
[BlackElo "2675"]
[Annotator "TA"]
[PlyCount "50"]
[EventDate "2023.11.10"]
[EventType "team-tourn"]
[EventCountry "MNE"]
[SourceTitle "playchess.com"]
[Source "ChessBase"]
[SourceQuality "1"]
[WhiteTeam "Georgia"]
[BlackTeam "Slovenia"]
[WhiteTeamCountry "GEO"]
[BlackTeamCountry "SLO"]

1. e4 e5 2. Nf3 Nc6 3. Nc3 Nf6 4. d4 Bb4 5. Nxe5 Qe7 6. Qd3 Nxe5 7. dxe5 Qxe5 8. Bd2 d6 9. O-O-O Bd7 10. a3 Bc5 11. f4 Qd4 12. Qg3 O-O-O 13. Bd3 Ng4 14. Rde1 Nf2 15. Rhf1 f5 16. e5 Nxd3+ 17. cxd3 Rhe8 18. Ne2 Qd5 19. Nc3 Qc6 20. exd6 Qxd6 21. Rxe8 Bxe8 22. Re1 Bf7 23. Kc2 Bc4 24. Kc1 Bxd3 25. Rd1 Qe6 0-1

[Event "ETCC Open 2023"]
[Site "Budva"]
[Date "2023.11.19"]
[Round "8.46"]
[White "Subelj, Jan"]
[Black "Mchedlishvili, Mikheil"]
[Result "1/2-1/2"]
[WhiteElo "2513"]
[BlackElo "2564"]
[Annotator "RC"]
[PlyCount "63"]
[EventDate "2023.11.10"]
[EventType "team-tourn"]
[EventCountry "MNE"]
[SourceTitle "playchess.com"]
[Source "ChessBase"]
[SourceQuality "1"]
[WhiteTeam "Slovenia"]
[BlackTeam "Georgia"]
[WhiteTeamCountry "SLO"]
[BlackTeamCountry "GEO"]

1. e4 c5 2. Nf3 d6 3. d4 cxd4 4. Nxd4 Nf6 5. Nc3 a6 6. h3 e6 7. g4 Nfd7 8. g5 b5 9. a3 Bb7 10. Be3 Be7 11. h4 O-O 12. Qd2 Nc6 13. O-O-O Nc5 14. f3 Rb8 15. Kb1 Qc7 16. h5 b4 17. axb4 Nxb4 18. Bf4 Qb6 19. Bc4 Bc8 20. Nb3 Nxc2 21. Qxc2 Nxb3 22. Bxb3 Qxb3 23. Qxb3 Rxb3 24. Bxd6 Bxd6 25. Rxd6 h6 26. gxh6 gxh6 27. Rhd1 Kg7 28. f4 Rb4 29. f5 Rc4 30. Rf1 Rc5 31. fxe6 Bxe6 32. Nd5 1/2-1/2

[Event "ETCC Open 2023"]
[Site "Budva"]
[Date "2023.11.19"]
[Round "8.47"]
[White "Jobava, Baadur"]
[Black "Sebenik, Matej"]
[Result "1-0"]
[WhiteElo "2568"]
[BlackElo "2531"]
[Annotator "RC"]
[PlyCount "59"]
[EventDate "2023.11.10"]
[EventType "team-tourn"]
[EventCountry "MNE"]
[SourceTitle "playchess.com"]
[Source "ChessBase"]
[SourceQuality "1"]
[WhiteTeam "Georgia"]
[BlackTeam "Slovenia"]
[WhiteTeamCountry "GEO"]
[BlackTeamCountry "SLO"]

1. b3 e5 2. Bb2 Nc6 3. e3 Nf6 4. h3 Be7 5. Bb5 d6 6. Ne2 O-O 7. O-O Bd7 8. c4 Nb4 9. Bxd7 Qxd7 10. d4 exd4 11. Nxd4 d5 12. cxd5 Rfd8 13. a3 Nbxd5 14. Qf3 Bf8 15. Nd2 c5 16. Nf5 g6 17. Ng3 Bg7 18. Rad1 Qc6 19. Nc4 Ne7 20. Bxf6 Bxf6 21. Ne4 Bg7 22. Na5 Qa6 23. Nxb7 Rxd1 24. Rxd1 Qxa3 25. Nd8 f5 26. Nc3 Rb8 27. Nd5 Nc8 28. Nf6+ Bxf6 29. Qd5+ Kh8 30. Qf7 1-0

[Event "ETCC Open 2023"]
[Site "Budva"]
[Date "2023.11.19"]
[Round "8.48"]
[White "Borisek, Jure"]
[Black "Kacharava, Nikolozi"]
[Result "0-1"]
[WhiteElo "2568"]
[BlackElo "2519"]
[Annotator "RC"]
[PlyCount "100"]
[EventDate "2023.11.10"]
[EventType "team-tourn"]
[EventCountry "MNE"]
[SourceTitle "playchess.com"]
[Source "ChessBase"]
[SourceQuality "1"]
[WhiteTeam "Slovenia"]
[BlackTeam "Georgia"]
[WhiteTeamCountry "SLO"]
[BlackTeamCountry "GEO"]

1. e4 c5 2. Nf3 e6 3. d4 cxd4 4. Nxd4 Nc6 5. Nc3 Qc7 6. f4 a6 7. Nxc6 Qxc6 8. Bd3 Nf6 9. Qe2 d6 10. Bd2 Be7 11. O-O-O Nd7 12. e5 d5 13. h4 Nc5 14. Kb1 Bd7 15. h5 O-O-O 16. Be3 Kb8 17. Bd4 Ka8 18. g4 g6 19. Rh3 Rdg8 20. Rdh1 g5 21. f5 h6 22. Rf1 Rc8 23. Rhf3 Bd8 24. Qe3 Ba5 25. Bxc5 Qxc5 26. Qxc5 Rxc5 27. Ne2 Bc7 28. Re3 d4 29. Nxd4 Rxe5 30. fxe6 Rxe3 31. exd7 Rd8 32. Bf5 Bb6 33. Nf3 Kb8 34. Nd2 Re7 35. Ne4 Rdxd7 36. Bxd7 Rxe4 37. c3 Rf4 38. Rd1 Kc7 39. Bf5 Rxf5 40. gxf5 g4 41. Rd2 g3 42. Rg2 Bf2 43. Kc2 Kd6 44. Kd3 Ke5 45. Ke2 Kxf5 46. Kf3 Kg5 47. c4 Kxh5 48. b4 Kg5 49. a4 Kf5 50. c5 Ke5 0-1

[Event "ETCC Open 2023"]
[Site "Budva"]
[Date "2023.11.19"]
[Round "8.49"]
[White "Dardha, Daniel"]
[Black "Mamedyarov, Shakhriyar"]
[Result "1/2-1/2"]
[WhiteElo "2575"]
[BlackElo "2734"]
[Annotator "TA"]
[PlyCount "72"]
[EventDate "2023.11.10"]
[EventType "team-tourn"]
[EventCountry "MNE"]
[SourceTitle "playchess.com"]
[Source "ChessBase"]
[SourceQuality "1"]
[WhiteTeam "Belgium"]
[BlackTeam "Azerbaijan"]
[WhiteTeamCountry "BEL"]
[BlackTeamCountry "AZE"]

1. e4 e5 2. Nf3 Nc6 3. Bb5 a6 4. Ba4 Nf6 5. O-O Be7 6. Re1 b5 7. Bb3 d6 8. c3 O-O 9. h3 Be6 10. d4 Bxb3 11. axb3 exd4 12. cxd4 Nb4 13. Nc3 Re8 14. Bf4 Bf8 15. Bg5 h6 16. Bh4 g5 17. Bg3 c5 18. e5 dxe5 19. dxe5 Nh5 20. Bh2 Qxd1 21. Rexd1 Red8 22. Ne4 Ng7 23. h4 gxh4 24. Nf6+ Kh8 25. Nxh4 Nc2 26. Rab1 Nd4 27. Kf1 Nxb3 28. Bf4 Ne6 29. Be3 Na5 30. Nf5 Nc4 31. Ke2 Rxd1 32. Rxd1 Rd8 33. Rxd8 Nxd8 34. Nd7 Ne6 35. Nxf8 Nxf8 36. Nxh6 Nxe5 1/2-1/2

[Event "ETCC Open 2023"]
[Site "Budva"]
[Date "2023.11.19"]
[Round "8.50"]
[White "Mamedov, Rauf"]
[Black "Beukema, Jasper"]
[Result "1-0"]
[WhiteElo "2644"]
[BlackElo "2357"]
[Annotator "TA"]
[PlyCount "87"]
[EventDate "2023.11.10"]
[EventType "team-tourn"]
[EventCountry "MNE"]
[SourceTitle "playchess.com"]
[Source "ChessBase"]
[SourceQuality "1"]
[WhiteTeam "Azerbaijan"]
[BlackTeam "Belgium"]
[WhiteTeamCountry "AZE"]
[BlackTeamCountry "BEL"]

1. Nf3 d5 2. g3 c5 3. Bg2 Nc6 4. O-O e5 5. d3 Nf6 6. e4 dxe4 7. dxe4 Be6 8. Nbd2 h6 9. c3 Be7 10. Qe2 O-O 11. Nc4 Qc7 12. Nh4 Rfd8 13. Nf5 Bf8 14. a4 Qd7 15. Nfe3 Qd3 16. Qxd3 Rxd3 17. Re1 Rad8 18. a5 Rb8 19. f4 Rdd8 20. f5 Bc8 21. Nd5 Nd7 22. Rd1 b5 23. axb6 axb6 24. Be3 b5 25. Na5 Nxa5 26. Rxa5 Bd6 27. Bf1 c4 28. Kg2 Kf8 29. Kf3 h5 30. Be2 g6 31. Bg5 Re8 32. Nf6 Nxf6 33. Rxd6 Nh7 34. Bh6+ Ke7 35. Rd5 gxf5 36. Rxe5+ Be6 37. exf5 Kf6 38. Kf4 Bxf5 39. Rxf5+ Kg6 40. Ra6+ Re6 41. Rxe6+ fxe6 42. Rxh5 Nf6 43. Rh4 Rh8 44. Ke5 1-0

[Event "ETCC Open 2023"]
[Site "Budva"]
[Date "2023.11.19"]
[Round "8.51"]
[White "Lenaerts, Lennert"]
[Black "Abasov, Nijat"]
[Result "1/2-1/2"]
[WhiteElo "2322"]
[BlackElo "2679"]
[Annotator "TA"]
[PlyCount "75"]
[EventDate "2023.11.10"]
[EventType "team-tourn"]
[EventCountry "MNE"]
[SourceTitle "playchess.com"]
[Source "ChessBase"]
[SourceQuality "1"]
[WhiteTeam "Belgium"]
[BlackTeam "Azerbaijan"]
[WhiteTeamCountry "BEL"]
[BlackTeamCountry "AZE"]

1. d4 Nf6 2. c4 e6 3. Nc3 Bb4 4. Qc2 b6 5. e4 c5 6. d5 Qe7 7. Nge2 exd5 8. exd5 O-O 9. Bg5 h6 10. Bh4 Ba6 11. O-O-O Re8 12. f3 Qe3+ 13. Kb1 g5 14. Bg3 Bxc4 15. h4 Na6 16. hxg5 Bxc3 17. Nxc3 Bxf1 18. gxf6 Nb4 19. Qd2 Qxd2 20. Rxd2 Bd3+ 21. Kc1 Bh7 22. Rxh6 Nd3+ 23. Rxd3 Bxd3 24. Bd6 Bg6 25. Kd2 b5 26. Bxc5 b4 27. Bxb4 Rab8 28. Ba3 Rb6 29. b3 Rxf6 30. Bb2 Rc8 31. Rh4 Ra6 32. Ne4 f6 33. Bxf6 Bxe4 34. Rh8+ Kf7 35. Rxc8 Rxa2+ 36. Ke3 Bxd5 37. Bd4 Rxg2 38. Bxa7 1/2-1/2

[Event "ETCC Open 2023"]
[Site "Budva"]
[Date "2023.11.19"]
[Round "8.52"]
[White "Durarbayli, Vasif"]
[Black "Roos, Adrian"]
[Result "1-0"]
[WhiteElo "2625"]
[BlackElo "2240"]
[Annotator "TA"]
[PlyCount "99"]
[EventDate "2023.11.10"]
[EventType "team-tourn"]
[EventCountry "MNE"]
[SourceTitle "playchess.com"]
[Source "ChessBase"]
[SourceQuality "1"]
[WhiteTeam "Azerbaijan"]
[BlackTeam "Belgium"]
[WhiteTeamCountry "AZE"]
[BlackTeamCountry "BEL"]

1. e4 c5 2. Nf3 d6 3. d4 cxd4 4. Nxd4 Nf6 5. Nc3 a6 6. Bg5 e6 7. f4 Be7 8. e5 dxe5 9. fxe5 Nd5 10. Bxe7 Qxe7 11. Nf5 exf5 12. Nxd5 Qxe5+ 13. Qe2 Qxe2+ 14. Bxe2 O-O 15. Nb6 Ra7 16. O-O-O Be6 17. Rhe1 Nc6 18. a4 a5 19. c3 g6 20. Kc2 Kg7 21. Rd6 Ne7 22. Bc4 Nc8 23. Nxc8 Bxc8 24. Re7 f4 25. Kd3 Bf5+ 26. Kd4 Raa8 27. Bd5 Rae8 28. Rxb7 Re2 29. b4 axb4 30. cxb4 Rd2+ 31. Kc3 Rd3+ 32. Kc4 Rc8+ 33. Kb5 Rxd5+ 34. Rxd5 Be4 35. Rbd7 Bxd5 36. Rxd5 Rc2 37. a5 Rxg2 38. a6 f3 39. Rd1 Rxh2 40. Ra1 Re2 41. a7 Re8 42. a8=Q Rxa8 43. Rxa8 g5 44. Kc4 f2 45. Ra1 g4 46. Kd3 g3 47. Ke2 h5 48. b5 h4 49. b6 h3 50. b7 1-0

[Event "ETCC Open 2023"]
[Site "Budva"]
[Date "2023.11.19"]
[Round "8.53"]
[White "Yilmaz, Mustafa"]
[Black "Risteski, Emil"]
[Result "1-0"]
[WhiteElo "2650"]
[BlackElo "2379"]
[Annotator "TA"]
[PlyCount "77"]
[EventDate "2023.11.10"]
[EventType "team-tourn"]
[EventCountry "MNE"]
[SourceTitle "playchess.com"]
[Source "ChessBase"]
[SourceQuality "1"]
[WhiteTeam "Turkey"]
[BlackTeam "Macedonia"]
[WhiteTeamCountry "TUR"]
[BlackTeamCountry "MKD"]

1. Nf3 Nf6 2. c4 e6 3. Nc3 b6 4. e4 Bb7 5. Qe2 e5 6. Nxe5 Qe7 7. d4 d6 8. Ng4 Nxe4 9. Nd5 Bxd5 10. cxd5 Nd7 11. f3 Nef6 12. Nxf6+ Nxf6 13. Qxe7+ Bxe7 14. Bb5+ Nd7 15. Ba6 O-O 16. Be3 Rae8 17. Kd2 Bd8 18. Rac1 Nb8 19. Bb7 Re7 20. Bg5 f6 21. Bh4 Rfe8 22. Rhe1 Rxe1 23. Bxe1 a5 24. Kd3 Kf8 25. Bd2 Ke7 26. Bc8 Kf8 27. h4 Kg8 28. h5 Kf8 29. g4 Kf7 30. Be6+ Kf8 31. Bf5 Kg8 32. a3 Re7 33. g5 Nd7 34. g6 hxg6 35. Be6+ Kh7 36. hxg6+ Kxg6 37. Rg1+ Kh7 38. Rh1+ Kg6 39. Rh8 1-0

[Event "ETCC Open 2023"]
[Site "Budva"]
[Date "2023.11.19"]
[Round "8.54"]
[White "Pancevski, Filip"]
[Black "Sanal, Vahap"]
[Result "0-1"]
[WhiteElo "2441"]
[BlackElo "2608"]
[Annotator "TA"]
[PlyCount "126"]
[EventDate "2023.11.10"]
[EventType "team-tourn"]
[EventCountry "MNE"]
[SourceTitle "playchess.com"]
[Source "ChessBase"]
[SourceQuality "1"]
[WhiteTeam "Macedonia"]
[BlackTeam "Turkey"]
[WhiteTeamCountry "MKD"]
[BlackTeamCountry "TUR"]

1. e4 e5 2. Nf3 Nc6 3. Bc4 Bc5 4. c3 Nf6 5. d3 O-O 6. O-O d6 7. Re1 h6 8. h3 a5 9. Bb3 Re8 10. Nbd2 Be6 11. Ba4 Bd7 12. Nf1 Ba7 13. Ng3 Rb8 14. d4 b5 15. Bc2 a4 16. Be3 Bb6 17. Qd2 Qe7 18. b3 Na5 19. Qd1 axb3 20. axb3 Ra8 21. Nh4 Qf8 22. Qf3 Nh7 23. Nhf5 Nc6 24. d5 Bxe3 25. dxc6 Bxf5 26. Nxf5 Bb6 27. Bd3 Ng5 28. Qe2 Ne6 29. Bxb5 Nf4 30. Qf3 Re6 31. Kh2 Rf6 32. Rxa8 Qxa8 33. Qg3 Qf8 34. Bf1 d5 35. Ne3 dxe4 36. Rd1 Rxc6 37. Nf5 Rg6 38. Qh4 Rg5 39. g4 Kh7 40. Rd7 Ng6 41. Qg3 Qe8 42. Rd2 Nf4 43. b4 Nh5 44. Qh4 Nf6 45. Qg3 Qe6 46. c4 g6 47. Nxh6 Kxh6 48. Qh4+ Nh5 49. c5 Qf6 50. Re2 Ba7 51. Rxe4 c6 52. gxh5 gxh5 53. Rg4 Rf5 54. Qxf6+ Rxf6 55. Rg8 Rxf2+ 56. Bg2 e4 57. Kg1 e3 58. Bxc6 Rb2 59. Kf1 Rxb4 60. Bd5 Bxc5 61. Ke2 Rb2+ 62. Kd3 Rd2+ 63. Kc4 e2 0-1

[Event "ETCC Open 2023"]
[Site "Budva"]
[Date "2023.11.19"]
[Round "8.55"]
[White "Can, Emre"]
[Black "Lazov, Toni"]
[Result "0-1"]
[WhiteElo "2566"]
[BlackElo "2377"]
[Annotator "RC"]
[PlyCount "88"]
[EventDate "2023.11.10"]
[EventType "team-tourn"]
[EventCountry "MNE"]
[SourceTitle "playchess.com"]
[Source "ChessBase"]
[SourceQuality "1"]
[WhiteTeam "Turkey"]
[BlackTeam "Macedonia"]
[WhiteTeamCountry "TUR"]
[BlackTeamCountry "MKD"]

1. d4 Nf6 2. c4 g6 3. Nc3 Bg7 4. e4 d6 5. Be2 Nbd7 6. Nf3 e5 7. O-O O-O 8. Be3 Qe7 9. Qc2 c6 10. d5 c5 11. Bg5 h6 12. Bd2 Nh7 13. g3 Ndf6 14. Nh4 h5 15. f3 Ne8 16. Rae1 Ng5 17. Ng2 Nh3+ 18. Kh1 Nf6 19. Bd3 Bd7 20. a3 Kh7 21. Nd1 Rab8 22. Bc3 a6 23. b4 Rfc8 24. Nde3 b5 25. Rb1 Bh6 26. Qe2 Bxe3 27. Nxe3 h4 28. bxc5 Rxc5 29. Qd2 hxg3 30. hxg3 Rh8 31. Kg2 bxc4 32. Be2 Kg7 33. Rh1 Nh5 34. Nf1 Rb5 35. Rb4 Rxb4 36. axb4 Qf6 37. Rh2 N5f4+ 38. gxf4 Nxf4+ 39. Kh1 Qg5 40. Bxc4 Bh3 41. Bxa6 Bg2+ 42. Kg1 Rxh2 43. Kxh2 Bxf3 44. Bc8 Qh4+ 0-1

[Event "ETCC Open 2023"]
[Site "Budva"]
[Date "2023.11.19"]
[Round "8.56"]
[White "Veljanoski, Andrej"]
[Black "Yilmazyerli, Mert"]
[Result "0-1"]
[WhiteElo "2289"]
[BlackElo "2533"]
[Annotator "RC"]
[PlyCount "128"]
[EventDate "2023.11.10"]
[EventType "team-tourn"]
[EventCountry "MNE"]
[SourceTitle "playchess.com"]
[Source "ChessBase"]
[SourceQuality "1"]
[WhiteTeam "Macedonia"]
[BlackTeam "Turkey"]
[WhiteTeamCountry "MKD"]
[BlackTeamCountry "TUR"]

1. e4 c5 2. Nf3 d6 3. d4 cxd4 4. Nxd4 Nf6 5. Nc3 a6 6. Be3 e6 7. f3 b5 8. a3 Bb7 9. Qd2 Nbd7 10. O-O-O Rc8 11. Kb1 Nb6 12. Qf2 Nfd7 13. Nb3 Rxc3 14. bxc3 Na4 15. Qe1 Qc7 16. c4 bxc4 17. Qa5 Qc6 18. Bxc4 Ne5 19. Bd3 Nc3+ 20. Kb2 Nxd1+ 21. Rxd1 Be7 22. Qb6 Bf6 23. Qxc6+ Bxc6 24. Ka2 Nxd3 25. Rxd3 d5 26. exd5 Bxd5 27. Bd4 Be7 28. Kb2 O-O 29. Bc5 Bf6+ 30. Bd4 Bg5 31. Be3 Bd8 32. g3 h5 33. h4 Kh7 34. Bc5 Rg8 35. Nd2 Bf6+ 36. Bd4 Rb8+ 37. Kc1 Be7 38. c4 Bc6 39. Kd1 f6 40. Ke2 e5 41. Bc3 Be8 42. Bb4 Bxb4 43. axb4 Rxb4 44. Rd6 a5 45. Kd3 Rb8 46. Ra6 a4 47. Kc3 Kg6 48. c5 Kf7 49. f4 exf4 50. gxf4 Kg6 51. Nc4 Rb3+ 52. Kd4 Bb5 53. f5+ Kh7 54. Rb6 Rb4 55. Rxb5 Rxb5 56. c6 Rb8 57. Kc5 g5 58. fxg6+ Kxg6 59. c7 Rf8 60. Kd6 f5 61. Ne5+ Kg7 62. Nc6 Rc8 63. Ne7 Rxc7 64. Kxc7 f4 0-1

[Event "ETCC Open 2023"]
[Site "Budva"]
[Date "2023.11.19"]
[Round "8.61"]
[White "Pechac, Jergus"]
[Black "Sukovic, Andrej"]
[Result "1-0"]
[WhiteElo "2580"]
[BlackElo "2382"]
[Annotator "RC"]
[PlyCount "43"]
[EventDate "2023.11.10"]
[EventType "team-tourn"]
[EventCountry "MNE"]
[SourceTitle "playchess.com"]
[Source "ChessBase"]
[SourceQuality "1"]
[WhiteTeam "Slovakia"]
[BlackTeam "Montenegro"]
[WhiteTeamCountry "SVK"]
[BlackTeamCountry "MNE"]

1. e4 e6 2. d4 d5 3. Nc3 Bb4 4. exd5 exd5 5. Bd3 Nf6 6. a3 Be7 7. Nf3 O-O 8. h3 b6 9. O-O c5 10. Re1 c4 11. Bf1 Re8 12. Ne5 Bb7 13. Qf3 Nc6 14. Nxc6 Bxc6 15. Bxc4 dxc4 16. Qxc6 Rc8 17. Qb7 Rc7 18. Qa6 Bd6 19. Bg5 Rce7 20. Rxe7 Qxe7 21. Qxc4 Qe1+ 22. Qf1 1-0

[Event "ETCC Open 2023"]
[Site "Budva"]
[Date "2023.11.19"]
[Round "8.62"]
[White "Pecurica, Milos"]
[Black "Druska, Juraj"]
[Result "1/2-1/2"]
[WhiteElo "2342"]
[BlackElo "2472"]
[Annotator "RC"]
[PlyCount "95"]
[EventDate "2023.11.10"]
[EventType "team-tourn"]
[EventCountry "MNE"]
[SourceTitle "playchess.com"]
[Source "ChessBase"]
[SourceQuality "1"]
[WhiteTeam "Montenegro"]
[BlackTeam "Slovakia"]
[WhiteTeamCountry "MNE"]
[BlackTeamCountry "SVK"]

1. d4 Nf6 2. c4 e6 3. Nc3 d5 4. Nf3 c5 5. cxd5 Nxd5 6. e4 Nxc3 7. bxc3 cxd4 8. cxd4 Bb4+ 9. Bd2 Bxd2+ 10. Qxd2 O-O 11. Bc4 Nd7 12. O-O b6 13. d5 Nc5 14. Rad1 Bb7 15. dxe6 fxe6 16. Qe3 Qf6 17. Nd4 Qe5 18. f4 Qxe4 19. Qxe4 Bxe4 20. Nxe6 Nxe6 21. f5 Bxf5 22. Rxf5 Rxf5 23. Bxe6+ Rf7 24. Rd7 Raf8 25. Rxa7 g5 26. Rb7 Kg7 27. Bxf7 Rxf7 28. Rxb6 Ra7 29. Rb2 Kf6 30. Kf2 Ra3 31. Ke2 h5 32. Kd1 h4 33. Kc1 h3 34. Rf2+ Ke6 35. g3 Kd5 36. Kb2 Ra8 37. Rf5+ Kc4 38. Rxg5 Re8 39. Rg4+ Kc5 40. Kc3 Re3+ 41. Kd2 Ra3 42. Rh4 Rxa2+ 43. Ke3 Rxh2 44. Kf3 Kd6 45. Kg4 Ke7 46. Rxh3 Ra2 47. Rh5 Kf6 48. Rb5 1/2-1/2

[Event "ETCC Open 2023"]
[Site "Budva"]
[Date "2023.11.19"]
[Round "8.63"]
[White "Sahidi, Samir"]
[Black "Djurovic, Peko"]
[Result "1-0"]
[WhiteElo "2464"]
[BlackElo "2344"]
[Annotator "RC"]
[PlyCount "45"]
[EventDate "2023.11.10"]
[EventType "team-tourn"]
[EventCountry "MNE"]
[SourceTitle "playchess.com"]
[Source "ChessBase"]
[SourceQuality "1"]
[WhiteTeam "Slovakia"]
[BlackTeam "Montenegro"]
[WhiteTeamCountry "SVK"]
[BlackTeamCountry "MNE"]

1. e4 c5 2. Nf3 Nc6 3. Bb5 g6 4. O-O Bg7 5. c3 Nf6 6. Re1 O-O 7. h3 e5 8. d3 Ne8 9. Bg5 f6 10. Be3 Qe7 11. d4 Nd6 12. dxe5 Nxb5 13. exf6 Qxf6 14. Qb3+ Kh8 15. Qxb5 d6 16. Nbd2 Ne5 17. Nxe5 Qxe5 18. Rad1 Qe7 19. Nc4 Bd7 20. Qxb7 Rab8 21. Qxa7 Qxe4 22. Nxd6 Qc6 23. Nf7+ 1-0